000 00874nam a2200229 a 4500
001 000028344
003 AM-YEHGA
005 20250618070918.0
008 971030s1958 ai |||||||||||||||||arm|d
020 _c500.00
040 _aAM-YeHGA
041 0 _aarm
100 1 _aՆուրիկյան, Բենիամին Ղազարի,
_d1894-1988
_96351
245 1 0 _aՊանդուխտ հոգիներ /
_cԲ. Նուրիկյան ; Կազմ.՝ Պ. Սելյան ; Խմբ.՝ Ս. Պայազատ.
260 _aԵրևան :
_bՀայպետհրատ,
_c1958.
300 _a229 էջ :
_bդիմանկ. ;
_c21 սմ.
650 1 4 _aՍփյուռքահայ գրականություն
_xՊատմվածք
700 1 _aՍելյան, Պատրիկ Աբրահամի
_eկազմ.
_4com
700 1 _aՊայազատ, Սերգո Արտաշեսի,
_d1909-1971
_eխմբ.
_4edt
942 _2udc
_cBK
090 _c12572
999 _c12475
_d12475